|
|
|
|
| LEADER |
01389nam a2200421 a 4500 |
| 001 |
nkc20051583253 |
| 003 |
CZ PrNK |
| 005 |
20051121155945.0 |
| 007 |
ta |
| 008 |
050922s2005 xr a f f 000 0 cze |
| 015 |
|
|
|a cnb001583253
|
| 020 |
|
|
|a 80-86419-90-8
|q (v knize neuvedeno ;
|q brož.)
|z 80-86419-64-9
|
| 035 |
|
|
|a (OCoLC)85162948
|
| 040 |
|
|
|a BOA001
|b cze
|d ABA001
|
| 072 |
|
7 |
|a 796
|x Sport. Hry. Tělesná cvičení
|2 Konspekt
|9 20
|
| 080 |
|
|
|a 796.322
|2 MRF
|
| 080 |
|
|
|a 796.322.071.2
|2 MRF
|
| 080 |
|
|
|a 796.322.056.222
|2 MRF
|
| 080 |
|
|
|a (035)
|2 MRF
|
| 100 |
1 |
|
|a Liška, Václav,
|d 1960-
|7 ntka173243
|4 aut
|
| 245 |
1 |
0 |
|a Brankář v házené /
|c Václav Liška
|
| 250 |
|
|
|a Vyd. 1.
|
| 260 |
|
|
|a Praha :
|b Professional Publishing,
|c 2005
|
| 300 |
|
|
|a 120 s. :
|b il. ;
|c 21 cm
|
| 504 |
|
|
|a Obsahuje bibliografie
|
| 650 |
0 |
7 |
|a házená
|7 ph121012
|2 czenas
|
| 650 |
0 |
7 |
|a házenkáři
|7 ph314778
|2 czenas
|
| 650 |
0 |
7 |
|a házenkářští brankáři
|7 ph314779
|2 czenas
|
| 650 |
0 |
9 |
|a handball
|2 eczenas
|
| 650 |
0 |
9 |
|a handball players
|2 eczenas
|
| 650 |
0 |
9 |
|a handball goalkeepers
|2 eczenas
|
| 655 |
|
7 |
|a příručky
|7 fd133209
|2 czenas
|
| 655 |
|
9 |
|a handbooks and manuals
|2 eczenas
|
| 910 |
2 |
|
|a BOA001
|b 2-1158.191
|
| 990 |
|
|
|a BK
|
| 995 |
|
|
|a 01
|
| 991 |
|
|
|b 200510
|c NOV
|
| 996 |
6 |
|
|b 2610260293
|c 2-1158.191
|l MZK
|r Sklad / do 1 hodiny
|n 1
|p p.v.
|w 000790604
|u 000010
|a 1
|e BOA001
|j MZK50
|s P
|